College physics / (Record no. 5021)
[ view plain ]
| 000 -LEADER | |
|---|---|
| fixed length control field | 01087cam a22003254a 4500 |
| 001 - CONTROL NUMBER | |
| control field | 14118365 |
| 003 - CONTROL NUMBER IDENTIFIER | |
| control field | GZU |
| 005 - DATE AND TIME OF LATEST TRANSACTION | |
| control field | 20210412115743.0 |
| 008 - FIXED-LENGTH DATA ELEMENTS--GENERAL INFORMATION | |
| fixed length control field | 050923s2007 nyua 001 0 eng |
| 010 ## - LIBRARY OF CONGRESS CONTROL NUMBER | |
| LC control number | 2005027977 |
| 020 ## - INTERNATIONAL STANDARD BOOK NUMBER | |
| International Standard Book Number | 9780072564365 (hardcover : acidfree paper) |
| 020 ## - INTERNATIONAL STANDARD BOOK NUMBER | |
| International Standard Book Number | 9780073529110 |
| 035 ## - SYSTEM CONTROL NUMBER | |
| System control number | (OCoLC)ocm61704795 |
| 040 ## - CATALOGING SOURCE | |
| Original cataloging agency | DLC |
| Transcribing agency | DLC |
| Modifying agency | YDX |
| -- | BAKER |
| -- | DLC |
| 042 ## - AUTHENTICATION CODE | |
| Authentication code | pcc |
| 050 00 - LIBRARY OF CONGRESS CALL NUMBER | |
| Classification number | QC21.3 |
| Item number | GIA 2010 |
| 082 00 - DEWEY DECIMAL CLASSIFICATION NUMBER | |
| Classification number | 530 |
| Edition number | 22 |
| 100 1# - MAIN ENTRY--PERSONAL NAME | |
| Personal name | Giambattista, Alan. |
| 245 10 - TITLE STATEMENT | |
| Title | College physics / |
| Statement of responsibility, etc. | Alan Giambattista, Betty McCarthy Richardson, Robert C. Richardson. |
| 250 ## - EDITION STATEMENT | |
| Edition statement | 2nd ed. |
| 260 ## - PUBLICATION, DISTRIBUTION, ETC. | |
| Place of publication, distribution, etc. | New York : |
| Name of publisher, distributor, etc. | McGraw-Hill Higher Education, |
| Date of publication, distribution, etc. | 2010. |
| 300 ## - PHYSICAL DESCRIPTION | |
| Extent | 1 v. (various pagings) : |
| Other physical details | col. ill. ; |
| 500 ## - GENERAL NOTE | |
| General note | Includes index. |
| 650 #0 - SUBJECT ADDED ENTRY--TOPICAL TERM | |
| Topical term or geographic name entry element | Physics. |
| 700 1# - ADDED ENTRY--PERSONAL NAME | |
| Personal name | Richardson, Betty McCarthy. |
| 700 1# - ADDED ENTRY--PERSONAL NAME | |
| Personal name | Richardson, Robert C. |
| Fuller form of name | (Robert Coleman), |
| Dates associated with a name | 1937-2013. |
| 856 41 - ELECTRONIC LOCATION AND ACCESS | |
| Materials specified | Table of contents |
| Uniform Resource Identifier | <a href="http://www.loc.gov/catdir/toc/ecip0519/2005027977.html">http://www.loc.gov/catdir/toc/ecip0519/2005027977.html</a> |
| 906 ## - LOCAL DATA ELEMENT F, LDF (RLIN) | |
| a | 7 |
| b | cbc |
| c | orignew |
| d | 1 |
| e | ecip |
| f | 20 |
| g | y-gencatlg |
| 942 ## - ADDED ENTRY ELEMENTS (KOHA) | |
| Source of classification or shelving scheme | Library of Congress Classification |
| Koha item type | Books |
| Edition | 3rd |
| Classification part | 21.3 |
| Item part | GIA |
| Call number prefix | QC |
| Withdrawn status | Lost status | Source of classification or shelving scheme | Damaged status | Not for loan | Home library | Current library | Shelving location | Date acquired | Total Checkouts | Full call number | Barcode | Date last seen | Date last checked out | Copy number | Price effective from | Koha item type |
|---|---|---|---|---|---|---|---|---|---|---|---|---|---|---|---|---|
| Library of Congress Classification | City Campus Library | City Campus Library | New Materials Shelf | 03/26/2021 | 2 | QC 21.3 GIA 2010 | 007119 | 11/18/2021 | 11/11/2021 | c.1 | 03/26/2021 | Books | ||||
| Library of Congress Classification | City Campus Library | City Campus Library | General Stacks | 03/26/2021 | 2 | QC 21.3 GIA 2010 | 007111 | 06/02/2022 | 05/26/2022 | c.3 | 03/26/2021 | Books | ||||
| Library of Congress Classification | Mashava Campus Library | Mashava Campus Library | General Stacks | 03/26/2021 | 2 | QC 21.3 GIA 2010 | 007115 | 01/17/2022 | 11/22/2021 | c.2 | 03/26/2021 | Books | ||||
| Library of Congress Classification | City Campus Library | Mashava Campus Library | General Stacks | 03/26/2021 | 1 | QC 21.3 GIA 2010 | 007116 | 10/28/2024 | 10/17/2024 | c.4 | 03/26/2021 | Books |